[Event "EU-ch Seniors 65 19th"]
[Site "Rhodes"]
[Date "2019.04.14"]
[Round "9"]
[White "Ruckschloss, Karol"]
[Black "Archangelsky, Mikhail"]
[Result "1-0"]
[WhiteElo "2222"]
[BlackElo "2065"]
[PlyCount "81"]
[EventDate "2019.04.06"]
[EventType "swiss"]
[EventRounds "9"]
[EventCountry "GRE"]
[SourceTitle "CBM 189 Extra"]
[Source "ChessBase"]
[SourceDate "2019.06.03"]
[SourceVersion "1"]
[SourceVersionDate "2019.06.03"]
[SourceQuality "1"]

1. c4 c6 2. Nf3 d5 3. e3 Nf6 4. b3 Bg4 5. Bb2 e6 6. Be2 Nbd7 7. d3 Be7 8. h3 Bxf3 9. Bxf3 0-0 10. 0-0 Qc7 11. Nc3 Rac8 12. Rc1 Qb8 13. d4 Rfd8 14. Qe2 Nf8 15. Rfd1 Ng6 16. g3 Re8 17. Bg2 Rcd8 18. Qc2 Rd7 19. Na4 Rdd8 20. Nc5 Nd7 21. Nd3 Ngf8 22. b4 Rc8 23. Qb3 Nb6 24. c5 Nc4 25. Ne5 Nxb2 26. Qxb2 f6 27. Nd3 a6 28. a4 Qc7 29. b5 axb5 30. axb5 Ra8 31. b6 Qd7 32. Ra1 Rxa1 33. Rxa1 Rb8 34. Ra7 Qe8 35. Nc1 Bd8 36. Nb3 Ng6 37. Qa1 Be7 38. Na5 Qd7 39. Rxb7 Rxb7 40. Nxb7 Kf7 41. Qa7 1-0

[Event "EU-ch Seniors 65 19th"]
[Site "Rhodes"]
[Date "2019.04.06"]
[Round "1"]
[White "Fischer, Johann3333"]
[Black "Archangelsky, Mikhail"]
[Result "0-1"]
[WhiteElo "1513"]
[BlackElo "2065"]
[PlyCount "101"]
[EventDate "2019.04.06"]
[EventType "swiss"]
[EventRounds "9"]
[EventCountry "GRE"]
[SourceTitle "CBM 189 Extra"]
[Source "ChessBase"]
[SourceDate "2019.06.03"]
[SourceVersion "1"]
[SourceVersionDate "2019.06.03"]
[SourceQuality "1"]

1. d4 d5 2. Nf3 Nf6 3. Nbd2 Bf5 4. e3 e6 5. Ne5 h6 6. Be2 Nbd7 7. a3 Nxe5 8. dxe5 Nd7 9. f4 Be7 10. Nf3 0-0 11. 0-0 Nc5 12. c3 a5 13. Nd4 Be4 14. f5 exf5 15. Nxf5 Nd7 16. Ng3 Nxe5 17. Nxe4 dxe4 18. Qc2 Qd5 19. b3 Rad8 20. c4 Qc6 21. Bb2 Nd3 22. Bc3 a4 23. Bd4 axb3 24. Qxb3 Nc5 25. Qa2 Ne6 26. Rad1 Nxd4 27. exd4 Rxd4 28. Rxd4 Bc5 29. Kh1 Bxd4 30. a4 Qe6 31. Qc2 b6 32. Rf4 f5 33. Rf1 f4 34. c5 Qe5 35. cxb6 cxb6 36. Qc4+ Kh8 37. Rd1 Bc5 38. Qb3 Qf6 39. Qd5 f3 40. gxf3 exf3 41. Bf1 Qg6 42. Bh3 f2 43. Qg2 Qc2 44. Qg4 Re8 45. Rf1 Qe4+ 46. Qg2 Qxa4 47. Bf5 Qc4 48. Bg6 Qxf1+ 49. Qxf1 Re1 50. Kg2 Rxf1 51. Kxf1 0-1

[Event "Wch Seniors 65 28th"]
[Site "Bled"]
[Date "2018.11.28"]
[Round "10"]
[White "Nukin, Tolegen"]
[Black "Archangelsky, Mikhail"]
[Result "0-1"]
[WhiteElo "2171"]
[BlackElo "2043"]
[PlyCount "134"]
[EventDate "2018.11.18"]
[EventType "swiss"]
[EventRounds "11"]
[EventCountry "SLO"]
[SourceTitle "CBM 187 Extra"]
[Source "ChessBase"]
[SourceDate "2018.11.04"]
[SourceVersion "1"]
[SourceVersionDate "2018.11.04"]
[SourceQuality "1"]

1. e4 e6 2. d4 d5 3. exd5 exd5 4. c4 Nf6 5. Nc3 Be6 6. cxd5 Nxd5 7. Bd3 Nc6 8. Nge2 Be7 9. a3 0-0 10. 0-0 Bf6 11. Bc2 a6 12. Ne4 Bf5 13. Qd3 Bxe4 14. Qxe4 g6 15. Rd1 Qd7 16. Bh6 Rfe8 17. Qf3 Nce7 18. Nc3 c6 19. Ne4 Bg7 20. Nc5 Qc7 21. Bg5 b6 22. Na4 Rab8 23. Rac1 h6 24. Bh4 Qf4 25. Qh3 Rb7 26. Bg3 Qg5 27. Nc3 Nf4 28. Bxf4 Qxf4 29. Qd3 a5 30. Qa6 Qb8 31. Be4 Rd7 32. Qc4 Red8 33. Ne2 c5 34. b4 axb4 35. axb4 Bxd4 36. Qb3 Qe5 37. Bd3 Qf6 38. Rf1 Kg7 39. Bb5 Rd6 40. Ng3 Qf4 41. Rce1 Nd5 42. bxc5 bxc5 43. Ne2 Qf6 44. Bc4 Nf4 45. Nxf4 Qxf4 46. g3 Qf5 47. Kg2 Rf6 48. Re7 h5 49. h4 Rf8 50. Bd5 Qc8 51. Qc4 Qd8 52. Ra7 Qb6 53. Rb7 Qa5 54. Rb3 Qd2 55. Rf3 Rxf3 56. Kxf3 Re8 57. Qa2 Qd3+ 58. Kg2 Re2 59. Qa7 Qf5 60. Bf3 Rd2 61. Qa4 Qc2 62. Qxc2 Rxc2 63. Be4 Rd2 64. Bf3 c4 65. g4 hxg4 66. Bxg4 c3 67. Bf3 c2 0-1

[Event "Wch Seniors 65 28th"]
[Site "Bled"]
[Date "2018.11.26"]
[Round "8"]
[White "Bondar, Leonid"]
[Black "Archangelsky, Mikhail"]
[Result "0-1"]
[WhiteElo "1931"]
[BlackElo "2043"]
[PlyCount "81"]
[EventDate "2018.11.18"]
[EventType "swiss"]
[EventRounds "11"]
[EventCountry "SLO"]
[SourceTitle "CBM 187 Extra"]
[Source "ChessBase"]
[SourceDate "2018.11.04"]
[SourceVersion "1"]
[SourceVersionDate "2018.11.04"]
[SourceQuality "1"]

1. e4 e6 2. d4 d5 3. Nd2 c5 4. Ngf3 cxd4 5. Nxd4 Nf6 6. e5 Nfd7 7. f4 Nxe5 8. N2b3 Nec6 9. Nf3 Bd6 10. Bd3 Qc7 11. g3 Nd7 12. c3 Nf6 13. Qc2 Bd7 14. Be3 b6 15. 0-0-0 0-0 16. Rdf1 Rfc8 17. Ba6 Nb4 18. Qe2 Nxa6 19. Qxa6 Ne4 20. Qd3 a5 21. Nbd4 b5 22. Ng5 b4 23. Nxe4 dxe4 24. Qxe4 bxc3 25. b3 a4 26. Qc2 axb3 27. Nxb3 Ba3+ 28. Kd1 Bb5 29. Nd4 Bxf1 30. Rxf1 Qc4 31. Qe2 Qb4 32. Qd3 Rab8 33. Ke2 Qc4 34. Qxc4 Rxc4 35. Kd3 Rcc8 36. Nc2 Bb2 37. Bd4 Ra8 38. a3 Rab8 39. Rb1 f6 40. h3 Kf7 41. Re1 0-1

[Event "Wch Seniors 65 28th"]
[Site "Bled"]
[Date "2018.11.19"]
[Round "2"]
[White "Leskovar, Mario Leopoldo"]
[Black "Archangelsky, Mikhail"]
[Result "1/2-1/2"]
[WhiteElo "2242"]
[BlackElo "2043"]
[PlyCount "110"]
[EventDate "2018.11.18"]
[EventType "swiss"]
[EventRounds "11"]
[EventCountry "SLO"]
[SourceTitle "CBM 187 Extra"]
[Source "ChessBase"]
[SourceDate "2018.11.04"]
[SourceVersion "1"]
[SourceVersionDate "2018.11.04"]
[SourceQuality "1"]

1. b3 e5 2. Bb2 Nc6 3. e3 Nf6 4. Bb5 Bd6 5. Ne2 a6 6. Bxc6 dxc6 7. d3 0-0 8. Nd2 Qe7 9. a3 a5 10. Nc4 b5 11. Nxd6 cxd6 12. a4 b4 13. Ng3 Bg4 14. f3 Bd7 15. e4 Ne8 16. Qe2 c5 17. 0-0 Qh4 18. Qe3 Nf6 19. Bc1 h6 20. Bd2 Rae8 21. Rf2 g5 22. Raf1 Nh5 23. Nxh5 Qxh5 24. g4 Qg6 25. h4 f6 26. Rh2 Kg7 27. Kg2 Rh8 28. Rfh1 Qf7 29. Kg3 Reg8 30. Rh3 Qf8 31. Qe2 Be8 32. Qh2 Bg6 33. Be3 Qb8 34. Kf2 Qf8 35. Ke1 Qb8 36. Qd2 Qd8 37. Kd1 Bf7 38. Kc1 Qc8 39. Kb2 Qd8 40. Qh2 Bg6 41. Bd2 Qb8 42. Ka2 Rc8 43. Be3 Rce8 44. Qd2 Qd8 45. Kb2 Reg8 46. Kc1 Bf7 47. Kb2 Re8 48. Qh2 Bg6 49. Bd2 Qb8 50. Ka2 Reg8 51. Be1 Re8 52. c3 bxc3 53. Bxc3 Bf7 54. Qc2 Qb6 55. hxg5 hxg5 1/2-1/2

[Event "EU-ch Seniors 65 18th"]
[Site "Drammen"]
[Date "2018.08.11"]
[Round "8"]
[White "Malmdin, Nils Ake"]
[Black "Archangelsky, Mikhail"]
[Result "1-0"]
[WhiteElo "2135"]
[BlackElo "2033"]
[PlyCount "65"]
[EventDate "2018.08.04"]
[EventType "swiss"]
[EventRounds "9"]
[EventCountry "NOR"]
[SourceTitle "CBM 186 Extra"]
[Source "ChessBase"]
[SourceDate "2018.08.24"]
[SourceVersion "1"]
[SourceVersionDate "2018.08.24"]
[SourceQuality "1"]

1. e4 e6 2. d4 d5 3. e5 c5 4. c3 Qb6 5. Nf3 Nc6 6. a3 Bd7 7. b4 cxd4 8. cxd4 Rc8 9. Be3 Nh6 10. Bd3 Ng4 11. 0-0 Be7 12. Nbd2 Nxe3 13. fxe3 Nd8 14. Qe2 Ba4 15. Rac1 Rxc1 16. Rxc1 0-0 17. Nb1 a6 18. Nc3 Bc6 19. h4 f5 20. exf6 Bxf6 21. Qc2 h6 22. Na4 Qc7 23. Qd2 Qe7 24. Nc5 e5 25. dxe5 Bxe5 26. Rf1 Qd6 27. Bb1 Bb5 28. Rd1 Rf6 29. Qc2 g6 30. Rxd5 Qxd5 31. Ba2 Qxa2 32. Qxa2+ Kg7 33. Nxe5 1-0

[Event "EU-ch Seniors 65 18th"]
[Site "Drammen"]
[Date "2018.08.10"]
[Round "7"]
[White "Archangelsky, Mikhail"]
[Black "Vinke, Dietmar"]
[Result "1/2-1/2"]
[WhiteElo "2033"]
[BlackElo "2166"]
[PlyCount "87"]
[EventDate "2018.08.04"]
[EventType "swiss"]
[EventRounds "9"]
[EventCountry "NOR"]
[SourceTitle "CBM 186 Extra"]
[Source "ChessBase"]
[SourceDate "2018.08.24"]
[SourceVersion "1"]
[SourceVersionDate "2018.08.24"]
[SourceQuality "1"]

1. d4 Nf6 2. c4 g6 3. Nc3 Bg7 4. Bf4 0-0 5. e3 d6 6. h3 Nbd7 7. Nf3 e6 8. Rc1 Qe7 9. Bh2 Ne8 10. Be2 f5 11. 0-0 c6 12. Qd2 e5 13. dxe5 dxe5 14. Rfd1 e4 15. Ne1 Be5 16. Bxe5 Nxe5 17. Qd4 Qf6 18. Rd2 Ng7 19. Rcd1 Ne6 20. Qd6 Nf7 21. Qb4 Qh4 22. Bf1 a5 23. Qb3 Nfg5 24. Ne2 f4 25. Nxf4 Nxf4 26. exf4 Qxf4 27. Qe3 Qxe3 28. fxe3 Ne6 29. Nc2 Kf7 30. Rf2+ Ke7 31. Rxf8 Kxf8 32. Nd4 Nc5 33. Nb3 Ne6 34. g4 Ke7 35. Bg2 h5 36. Bxe4 Ng5 37. Bxg6 hxg4 38. hxg4 Bxg4 39. Rf1 Rg8 40. Bb1 Be2 41. Rf5 Ne4+ 42. Kh2 Rh8+ 43. Kg2 Rg8+ 44. Kh2 1/2-1/2

[Event "EU-ch Seniors 65 18th"]
[Site "Drammen"]
[Date "2018.08.05"]
[Round "2"]
[White "Archangelsky, Mikhail"]
[Black "Renman, Nils Gustaf"]
[Result "0-1"]
[WhiteElo "2033"]
[BlackElo "2348"]
[PlyCount "134"]
[EventDate "2018.08.04"]
[EventType "swiss"]
[EventRounds "9"]
[EventCountry "NOR"]
[SourceTitle "CBM 186 Extra"]
[Source "ChessBase"]
[SourceDate "2018.08.24"]
[SourceVersion "1"]
[SourceVersionDate "2018.08.24"]
[SourceQuality "1"]

1. d4 Nf6 2. Nf3 d5 3. e3 e6 4. Nbd2 c5 5. c3 Nc6 6. Bd3 Be7 7. 0-0 b6 8. dxc5 bxc5 9. e4 0-0 10. Qe2 Qc7 11. Re1 Rd8 12. e5 Nd7 13. Nf1 c4 14. Bc2 Rb8 15. Bf4 Nc5 16. Rab1 Ba6 17. Qe3 Rb6 18. N1d2 Bb5 19. b4 cxb3 20. axb3 a5 21. Bg5 d4 22. cxd4 Nxd4 23. Nxd4 Bxg5 24. Qxg5 Rxd4 25. Nf3 h6 26. Qe3 Rd5 27. Rec1 Qd8 28. b4 axb4 29. Rxb4 Nd3 30. Bxd3 Rxd3 31. Qe1 Bc6 32. Rxb6 Qxb6 33. Qe2 Rb3 34. Ne1 Bb7 35. Qd2 Be4 36. Rd1 Bd5 37. h3 Rb2 38. Qf4 Qb3 39. Rc1 Rb1 40. Rxb1 Qxb1 41. Qe3 g5 42. f3 Kg7 43. Kf2 Bc4 44. Qc3 Qa2+ 45. Kg3 Qe2 46. Nc2 Kg6 47. Ne3 Bd3 48. Ng4 h5 49. Nf6 Qe3 50. Kh2 Qe2 51. Qd4 Bf5 52. f4 Qd3 53. Qb4 g4 54. hxg4 hxg4 55. g3 Qe2+ 56. Kg1 Qe3+ 57. Kh2 Qf2+ 58. Kh1 Qf1+ 59. Kh2 Qh3+ 60. Kg1 Qxg3+ 61. Kh1 Qf3+ 62. Kg1 g3 63. Qe1 Bd3 64. f5+ exf5 65. e6 Qf2+ 66. Qxf2 gxf2+ 67. Kxf2 Kxf6 0-1

[Event "Schilcherland op 1st"]
[Site "Deutschlandsberg"]
[Date "2018.01.05"]
[Round "8"]
[White "Archangelsky, Mikhail"]
[Black "Peyrer, Konstantin"]
[Result "1-0"]
[WhiteElo "2054"]
[BlackElo "2129"]
[PlyCount "97"]
[EventDate "2017.12.29"]
[EventType "swiss"]
[EventRounds "9"]
[EventCountry "AUT"]
[SourceTitle "CBM 182 Extra"]
[Source "ChessBase"]
[SourceDate "2018.02.23"]
[SourceVersion "1"]
[SourceVersionDate "2018.02.23"]
[SourceQuality "1"]

1. d4 Nf6 2. Nf3 c5 3. d5 b5 4. Bg5 Qb6 5. Bxf6 Qxf6 6. c3 Qb6 7. e4 d6 8. Nbd2 g6 9. a4 b4 10. Nc4 Qb7 11. Be2 Bg7 12. Qc2 0-0 13. 0-0 Qc7 14. Rfd1 Nd7 15. a5 Ba6 16. g3 Rab8 17. Bf1 Rb7 18. Nfd2 bxc3 19. bxc3 Rfb8 20. Rdb1 Rxb1 21. Nxb1 Bxc4 22. Bxc4 Ne5 23. Be2 c4 24. Nd2 Rb5 25. a6 Qb6 26. Ra2 Qc5 27. Kg2 f5 28. f4 Nd3 29. Bxd3 cxd3 30. Qxd3 fxe4 31. Nxe4 Qb6 32. Ng5 Rb1 33. Qe2 Qg1+ 34. Kh3 Re1 35. Qb5 Qf1+ 36. Qxf1 Rxf1 37. Rb2 Bxc3 38. Rb7 Bf6 39. Ne6 h5 40. Rxa7 Ra1 41. Ra8+ Kh7 42. a7 Ra2 43. Nf8+ Kg7 44. Nxg6 Bd4 45. Nxe7 Bg1 46. Kh4 Kf7 47. Nc6 Kg6 48. h3 Bxa7 49. Rxa7 1-0

[Event "Wch Seniors 65 26th"]
[Site "Marianske Lazne"]
[Date "2016.11.30"]
[Round "11"]
[White "Archangelsky, Mikhail"]
[Black "Slechta, Karel"]
[Result "1-0"]
[WhiteElo "2054"]
[BlackElo "1872"]
[PlyCount "51"]
[EventDate "2016.11.19"]
[EventType "swiss"]
[EventRounds "11"]
[EventCountry "CZE"]
[SourceTitle "EXT 2018"]
[Source "ChessBase"]
[SourceDate "2017.10.13"]
[SourceVersion "1"]
[SourceVersionDate "2017.10.13"]
[SourceQuality "1"]

1. d4 d5 2. Nf3 Nf6 3. e3 e6 4. Nbd2 c5 5. c3 Nc6 6. Bd3 Qc7 7. 0-0 Be7 8. dxc5 Bxc5 9. b4 Bd6 10. Bb2 0-0 11. Rc1 Qe7 12. a3 Ne5 13. Nxe5 Bxe5 14. Qe2 b6 15. e4 Qc7 16. Nf3 Bf4 17. e5 Ne4 18. Rc2 f5 19. exf6 Nxf6 20. g3 Bh6 21. c4 Qb7 22. Ne5 Bd7 23. cxd5 exd5 24. Ba6 Qb8 25. Nxd7 Nxd7 26. Qe6+ 1-0

[Event "Wch Seniors 65 26th"]
[Site "Marianske Lazne"]
[Date "2016.11.28"]
[Round "9"]
[White "Archangelsky, Mikhail"]
[Black "Ben Zeev, Moshe"]
[Result "1-0"]
[WhiteElo "2054"]
[BlackElo "1943"]
[PlyCount "61"]
[EventDate "2016.11.19"]
[EventType "swiss"]
[EventRounds "11"]
[EventCountry "CZE"]
[SourceTitle "CBM 175 Extra"]
[Source "ChessBase"]
[SourceDate "2016.12.12"]
[SourceVersion "1"]
[SourceVersionDate "2016.12.12"]
[SourceQuality "1"]

1. d4 d5 2. Nf3 Nf6 3. e3 c5 4. c3 cxd4 5. exd4 e6 6. Bd3 Bd6 7. 0-0 0-0 8. Bg5 h6 9. Bh4 Nbd7 10. Re1 Qc7 11. Nbd2 Re8 12. Qe2 Nh7 13. Bg3 b6 14. Bxd6 Qxd6 15. Ne5 Nxe5 16. dxe5 Qc7 17. Nf3 Nf8 18. Nd4 Bd7 19. Qh5 Rec8 20. Re3 Be8 21. Qg4 a6 22. Rae1 Qe7 23. h4 g6 24. h5 Kg7 25. f4 Kh7 26. f5 Qg5 27. hxg6+ fxg6 28. Qxg5 hxg5 29. Rh3+ Kg7 30. f6+ Kf7 31. Nf3 1-0

[Event "Wch Seniors 65 26th"]
[Site "Marianske Lazne"]
[Date "2016.11.24"]
[Round "6"]
[White "Schmitt, Karl"]
[Black "Archangelsky, Mikhail"]
[Result "0-1"]
[WhiteElo "1899"]
[BlackElo "2054"]
[PlyCount "62"]
[EventDate "2016.11.19"]
[EventType "swiss"]
[EventRounds "11"]
[EventCountry "CZE"]
[SourceTitle "CBM 175 Extra"]
[Source "ChessBase"]
[SourceDate "2016.12.12"]
[SourceVersion "1"]
[SourceVersionDate "2016.12.12"]
[SourceQuality "1"]

1. Nf3 e6 2. c4 f5 3. g3 Nf6 4. Bg2 Be7 5. 0-0 0-0 6. d4 Ne4 7. Qc2 Bf6 8. Rd1 Kh8 9. Nc3 d5 10. b3 Nc6 11. e3 a5 12. Bb2 Nb4 13. Qe2 c6 14. a3 Na6 15. c5 b6 16. cxb6 Qxb6 17. Nxe4 fxe4 18. Nd2 Bd7 19. Rdb1 c5 20. dxc5 Nxc5 21. Bxf6 Rxf6 22. b4 Na4 23. Rb3 Raf8 24. bxa5 Qxa5 25. f4 Qc5 26. Qe1 Rc8 27. Bf1 Rff8 28. Kg2 Rc7 29. Rab1 Qa7 30. Be2 Rfc8 31. Bd1 Nc3 0-1

[Event "Teplice op 10th"]
[Site "Teplice"]
[Date "2015.06.17"]
[Round "5"]
[White "Johansson, Jan"]
[Black "Archangelsky, Mikhail"]
[Result "1-0"]
[WhiteElo "2381"]
[BlackElo "2107"]
[PlyCount "55"]
[EventDate "2015.06.13"]
[EventType "swiss"]
[EventRounds "9"]
[EventCountry "CZE"]
[SourceTitle "EXT 2017"]
[Source "ChessBase"]
[SourceDate "2016.10.25"]
[SourceVersion "1"]
[SourceVersionDate "2016.10.25"]
[SourceQuality "1"]

1. d4 Nf6 2. Nf3 d5 3. c4 c6 4. Qc2 g6 5. Bf4 Bf5 6. Qb3 Qb6 7. e3 Nbd7 8. Nc3 Qxb3 9. axb3 Bg7 10. h3 0-0 11. Be2 h6 12. 0-0 a6 13. g4 Bc2 14. Nd2 g5 15. Bg3 e6 16. Rac1 Bg6 17. b4 Rfc8 18. c5 Ne8 19. Nb3 e5 20. Rfd1 f5 21. gxf5 Bxf5 22. e4 dxe4 23. d5 cxd5 24. Nxd5 Kf8 25. Na5 Rcb8 26. Bg4 Bxg4 27. hxg4 Kf7 28. Nc7 1-0

[Event "Teplice op 10th"]
[Site "Teplice"]
[Date "2015.06.15"]
[Round "3"]
[White "Hons, Tomas"]
[Black "Archangelsky, Mikhail"]
[Result "0-1"]
[WhiteElo "1771"]
[BlackElo "2107"]
[PlyCount "50"]
[EventDate "2015.06.13"]
[EventType "swiss"]
[EventRounds "9"]
[EventCountry "CZE"]
[SourceTitle "EXT 2017"]
[Source "ChessBase"]
[SourceDate "2016.10.25"]
[SourceVersion "1"]
[SourceVersionDate "2016.10.25"]
[SourceQuality "1"]

1. e4 c5 2. Nf3 a6 3. d4 cxd4 4. Nxd4 Nf6 5. Nc3 e5 6. Nf3 Bb4 7. Bd2 d6 8. Bc4 Qc7 9. Qe2 b5 10. Bd5 Bb7 11. 0-0-0 Bxc3 12. Bxc3 Bxd5 13. exd5 Nbd7 14. Ng5 0-0 15. f4 exf4 16. Nh3 Rae8 17. Qf3 Re3 18. Qxf4 Rxc3 19. bxc3 Ne5 20. Qd4 Nc4 21. Nf2 Qa5 22. Kb1 Nxd5 23. Qxd5 Qxc3 24. Nd3 Na3+ 25. Kc1 Qxc2# 0-1

[Event "EU-ch Seniors 65 15th"]
[Site "Eretria"]
[Date "2015.04.30"]
[Round "2"]
[White "Archangelsky, Mikhail"]
[Black "Rooze, Jan"]
[Result "0-1"]
[WhiteElo "2108"]
[BlackElo "2311"]
[PlyCount "64"]
[EventDate "2015.04.29"]
[EventType "swiss"]
[EventRounds "9"]
[EventCountry "GRE"]
[SourceTitle "CBM 166 Extra"]
[Source "ChessBase"]
[SourceDate "2015.06.18"]
[SourceVersion "1"]
[SourceVersionDate "2015.06.18"]
[SourceQuality "1"]

1. d4 Nf6 2. Nf3 e6 3. e3 d5 4. Bd3 c5 5. b3 Nc6 6. Bb2 Bd6 7. 0-0 0-0 8. a3 b6 9. Ne5 Bb7 10. Nd2 Rc8 11. f4 Ne7 12. Qe2 Ne4 13. Nxe4 dxe4 14. Bb5 cxd4 15. Bxd4 Nf5 16. Rad1 Qe7 17. b4 Rfd8 18. Bb2 a6 19. Ba4 a5 20. c3 Bxe5 21. fxe5 Qg5 22. Rxd8+ Rxd8 23. Bc1 axb4 24. cxb4 Nh4 25. Qf2 Nf3+ 26. Kh1 Nxe5 27. Bb2 f6 28. Bb3 Bd5 29. Rd1 Nd3 30. Qc2 Bxb3 31. Qxb3 Nf2+ 32. Kg1 Nh3+ 0-1

[Event "Wch Seniors 65 24th"]
[Site "Katerini"]
[Date "2014.11.03"]
[Round "10"]
[White "Archangelsky, Mikhail"]
[Black "Morriss, Pete R"]
[Result "1/2-1/2"]
[WhiteElo "2149"]
[BlackElo "2032"]
[PlyCount "98"]
[EventDate "2014.10.24"]
[EventType "swiss"]
[EventRounds "11"]
[EventCountry "GRE"]
[SourceTitle "EXT 2015"]
[Source "ChessBase"]
[SourceDate "2014.11.20"]
[SourceVersion "1"]
[SourceVersionDate "2014.11.20"]
[SourceQuality "1"]

1. c4 Nf6 2. Nc3 c5 3. g3 g6 4. Bg2 Bg7 5. e3 0-0 6. Nge2 Na6 7. d4 Rb8 8. 0-0 d6 9. a3 Nc7 10. b4 b5 11. cxb5 Nxb5 12. Nxb5 Rxb5 13. Bd2 cxb4 14. axb4 a6 15. Qa4 Qb6 16. Rfc1 Nd5 17. Nc3 Nxc3 18. Bxc3 e5 19. d5 Bb7 20. e4 f5 21. Bf1 fxe4 22. Rc2 Bxd5 23. Bxb5 axb5 24. Qa7 Qd8 25. Rd2 Bc4 26. Qb7 d5 27. Ra7 Qf6 28. Qxg7+ Qxg7 29. Rxg7+ Kxg7 30. Bxe5+ Kg8 31. Rd1 Rf3 32. Ra1 Rb3 33. Bd6 d4 34. h4 d3 35. Bc5 Kf7 36. Rd1 Kf6 37. f3 exf3 38. Kf2 Bd5 39. Ke3 Bc4 40. Rd2 Kf5 41. Kxf3 h5 42. Bd6 Rb1 43. Ke3 Kg4 44. Rf2 Re1+ 45. Kd2 Re6 46. Bf4 Re7 47. Bd6 Re6 48. Bf4 Re7 49. Bd6 Re6 1/2-1/2

[Event "Wch Seniors 65 24th"]
[Site "Katerini"]
[Date "2014.10.27"]
[Round "4"]
[White "Archangelsky, Mikhail"]
[Black "Ben Zeev, Moshe"]
[Result "1-0"]
[WhiteElo "2149"]
[BlackElo "1963"]
[PlyCount "80"]
[EventDate "2014.10.24"]
[EventType "swiss"]
[EventRounds "11"]
[EventCountry "GRE"]
[SourceTitle "EXT 2015"]
[Source "ChessBase"]
[SourceDate "2014.11.20"]
[SourceVersion "1"]
[SourceVersionDate "2014.11.20"]
[SourceQuality "1"]

1. d4 d5 2. Nf3 Nf6 3. e3 e6 4. Bd3 c5 5. b3 Nc6 6. Bb2 cxd4 7. exd4 Bd7 8. a3 Rc8 9. Nbd2 Ne7 10. 0-0 Bc6 11. Ne5 g6 12. Qe2 Bg7 13. Rae1 0-0 14. Ndf3 Be8 15. a4 Kh8 16. Ba3 Rc7 17. a5 Rg8 18. Bc5 Nc8 19. Ng5 b6 20. axb6 axb6 21. Bb4 Nh5 22. Bd2 Nd6 23. g4 Nf6 24. f3 Qc8 25. Bf4 Bf8 26. c4 h6 27. Nxg6+ fxg6 28. Nxe6 Bf7 29. Nxc7 Qxc7 30. Qe5 Kg7 31. h4 Qd8 32. g5 Nde8 33. gxf6+ Kh8 34. Kh2 Bd6 35. Qe3 Qxf6 36. Be5 Kh7 37. Kg2 Qd8 38. Bxd6 Nxd6 39. Qe7 Qb8 40. Re6 Qe8 1-0

[Event "Wch Seniors 23rd"]
[Site "Opatija"]
[Date "2013.11.19"]
[Round "7"]
[White "Kristiansen, Jens"]
[Black "Archangelsky, Mikhail"]
[Result "1-0"]
[WhiteElo "2407"]
[BlackElo "2162"]
[PlyCount "101"]
[EventDate "2013.11.12"]
[EventType "swiss"]
[EventRounds "11"]
[EventCountry "CRO"]
[SourceTitle "CBM 157 Extra"]
[Source "ChessBase"]
[SourceDate "2013.12.19"]
[SourceVersion "1"]
[SourceVersionDate "2013.12.19"]
[SourceQuality "1"]

1. e4 e6 2. d3 d5 3. Nd2 c5 4. Ngf3 Nf6 5. g3 g6 6. Bg2 Bg7 7. 0-0 0-0 8. Re1 Nc6 9. c3 Re8 10. e5 Nd7 11. d4 f6 12. exf6 Qxf6 13. Nf1 cxd4 14. Bg5 Qf7 15. cxd4 Nb6 16. Ne3 Rf8 17. Qd2 Bd7 18. Ng4 Nc4 19. Qe2 h5 20. Nh6+ Bxh6 21. Bxh6 Rfe8 22. Bf4 Qf8 23. Qd3 Qf5 24. Qxf5 exf5 25. b3 Nb6 26. Ne5 Nxe5 27. Bxe5 Bc6 28. h4 Kf7 29. a4 a6 30. f3 Nd7 31. Bd6 Rxe1+ 32. Rxe1 Re8 33. Rxe8 Kxe8 34. Kf2 Kf7 35. Bf1 Ke6 36. Bc7 Nf6 37. Ke3 Bd7 38. Bd3 Be8 39. Kf4 Nh7 40. Be5 Bf7 41. g4 fxg4 42. fxg4 hxg4 43. h5 g5+ 44. Kxg4 Nf6+ 45. Kxg5 Nxh5 46. Be2 Be8 47. Bxh5 Bxh5 48. Kxh5 Kf5 49. a5 Ke4 50. Kg5 Kd3 51. Kf5 1-0

[Event "Wch Seniors 23rd"]
[Site "Opatija"]
[Date "2013.11.15"]
[Round "4"]
[White "Archangelsky, Mikhail"]
[Black "Sloth, Jorn"]
[Result "1/2-1/2"]
[WhiteElo "2162"]
[BlackElo "2338"]
[PlyCount "62"]
[EventDate "2013.11.12"]
[EventType "swiss"]
[EventRounds "11"]
[EventCountry "CRO"]
[SourceTitle "CBM 157 Extra"]
[Source "ChessBase"]
[SourceDate "2013.12.19"]
[SourceVersion "1"]
[SourceVersionDate "2013.12.19"]
[SourceQuality "1"]

1. d4 Nf6 2. Nf3 e6 3. e3 d6 4. b3 g6 5. Bb2 Bg7 6. Be2 0-0 7. 0-0 Nbd7 8. h3 Ne4 9. Nbd2 Nxd2 10. Qxd2 f5 11. Rad1 Nf6 12. c4 a5 13. a3 Qe7 14. Qc2 Bd7 15. Bd3 Nh5 16. e4 Nf4 17. Rfe1 Nxd3 18. Rxd3 fxe4 19. Rxe4 e5 20. g4 Bc6 21. d5 Bd7 22. Bc1 h6 23. Re1 h5 24. Nh2 hxg4 25. hxg4 e4 26. Rde3 Bd4 27. Rxe4 Rxf2 28. Rxe7 Rxc2+ 29. Be3 Bc3 30. Rc1 Rxc1+ 31. Bxc1 Rd8 1/2-1/2

[Event "Wch Seniors 23rd"]
[Site "Opatija"]
[Date "2013.11.14"]
[Round "3"]
[White "Hammar, Bengt Erik"]
[Black "Archangelsky, Mikhail"]
[Result "0-1"]
[WhiteElo "2231"]
[BlackElo "2162"]
[PlyCount "94"]
[EventDate "2013.11.12"]
[EventType "swiss"]
[EventRounds "11"]
[EventCountry "CRO"]
[SourceTitle "CBM 157 Extra"]
[Source "ChessBase"]
[SourceDate "2013.12.19"]
[SourceVersion "1"]
[SourceVersionDate "2013.12.19"]
[SourceQuality "1"]

1. e4 e6 2. d4 d5 3. Nc3 Nf6 4. e5 Nfd7 5. f4 c5 6. Nf3 Nc6 7. Be3 Qb6 8. Na4 Qa5+ 9. c3 cxd4 10. b4 Qc7 11. Nxd4 a6 12. a3 b5 13. Nb2 Ncxe5 14. fxe5 Qxc3+ 15. Qd2 Qxd2+ 16. Bxd2 Nxe5 17. Be2 Bd6 18. a4 Nc4 19. Nxc4 bxc4 20. 0-0 Bd7 21. b5 Bc5 22. Be3 0-0 23. bxa6 Rxa6 24. Nc2 Bxe3+ 25. Nxe3 Rxa4 26. Rxa4 Bxa4 27. Rb1 Bb3 28. Ra1 g6 29. Ra7 Rc8 30. Ng4 c3 31. Bd3 c2 32. Bxc2 Bxc2 33. Nh6+ Kg7 34. Nxf7 Kf6 35. h4 Rc4 36. g3 h5 37. Ng5 Bf5 38. Kf2 Rc2+ 39. Ke3 Rc3+ 40. Kf2 Bg4 41. Ra4 Rc4 42. Ra7 Ke5 43. Rg7 Kd4 44. Rxg6 Rc2+ 45. Kf1 e5 46. Rf6 Ke3 47. Nf7 Bf3 0-1

[Event "Wch Seniors 23rd"]
[Site "Opatija"]
[Date "2013.11.13"]
[Round "2"]
[White "Archangelsky, Mikhail"]
[Black "Wahlbom, Magnus"]
[Result "1/2-1/2"]
[WhiteElo "2162"]
[BlackElo "2304"]
[PlyCount "64"]
[EventDate "2013.11.12"]
[EventType "swiss"]
[EventRounds "11"]
[EventCountry "CRO"]
[SourceTitle "CBM 157 Extra"]
[Source "ChessBase"]
[SourceDate "2013.12.19"]
[SourceVersion "1"]
[SourceVersionDate "2013.12.19"]
[SourceQuality "1"]

1. d4 Nf6 2. Nf3 e6 3. e3 b6 4. Bd3 Bb7 5. 0-0 Be7 6. Nbd2 d5 7. Ne5 0-0 8. f4 Ne4 9. Nxe4 dxe4 10. Bc4 Nd7 11. Bd2 c5 12. Bc3 Nxe5 13. dxe5 g6 14. Qg4 Qc8 15. h4 Ba6 16. Bxa6 Qxa6 17. h5 Qc4 18. Rad1 Rad8 19. hxg6 hxg6 20. a3 Rxd1 21. Rxd1 Rd8 22. Rxd8+ Bxd8 23. Qd1 Bh4 24. Qg4 Be7 25. Kf2 Qd5 26. Qe2 Kf8 27. Qd2 Ke8 28. Qxd5 exd5 29. g4 Kd7 30. f5 gxf5 31. gxf5 Bg5 32. Ke2 Bh6 1/2-1/2